[Event "Skolernes Skakklub"]
[Site "Aarhus"]
[Date "1997.06.20"]
[Round "1"]
[White "Nielsen, Peter Heine"]
[Black "Schandorff, Lars"]
[Result "1/2-1/2"]
[WhiteElo "2525"]
[BlackElo "2510"]

1.d4 d5 2.c4 c6 3.Nc3 Nf6 4.e3 e6 5.Nf3 Nbd7 6.Qc2 Bd6 7.Bd3 O-O 8.O-O dxc4
9.Bxc4 b5 10.Bd3 Bb7 11.Bd2 a6 12.Ng5 h6 13.Nge4 Be7 14.Nxf6+ Nxf6 15.Ne4 Nxe4
16.Bxe4 a5 17.a3 b4 18.Rfc1 Qb6 19.Bf3 Rfc8 20.Qe4 Rab8 21.Qe5 c5 22.dxc5 Bxc5
23.Bxb7 Rxb7 24.axb4 axb4 25.Qe4 Rbb8 26.b3  1/2-1/2

[Event "RUS-Cup9"]
[Site "Novgorod"]
[Date "1997.06.20"]
[Round "8"]
[White "Vyzmanavin, Alexey"]
[Black "Galliamova, Alisa"]
[Result "0-1"]
[WhiteElo "2585"]
[BlackElo "2440"]

1.d4 d5 2.c4 c6 3.e3 Nf6 4.Nc3 e6 5.Nf3 Nbd7 6.Qc2 Bd6 7.Bd3 O-O 8.O-O h6
9.b3 b6 10.Bb2 Bb7 11.Rfd1 Rc8 12.e4 dxe4 13.Nxe4 Nxe4 14.Bxe4 Qe7 15.c5 Bb8
16.b4 Ba6 17.Ne5 Nf6 18.Bf3 Nd5 19.a3 Rfd8 20.g3 Bxe5 21.dxe5 bxc5 22.bxc5 Rb8
23.Bd4 Rd7 24.Be4 Qd8 25.Rd2 Qa5 26.f4 Rbd8 27.Qb2 Qa4 28.Bc2 Qa5 29.Rad1 g6
30.Be4 Bb5 31.Kh1 Qa4 32.Bc2 Qa6 33.Be4 Ba4 34.Re1 Qa5 35.Qc1 Ne7 36.Bc3 Qxc5
37.Rxd7 Rxd7 38.Bb4 Qxc1 39.Rxc1 Nd5 40.Bd6 Rb7 41.Kg1 Kg7 42.Rc4 Bb5 43.Rc1 Rb6
44.Bc5 Rb7 45.Kf2 Ba4 46.Rb1 Rxb1 47.Bxb1 a5 48.Bd3 Bb5 49.Bc2 a4 50.Kf3 f5
51.exf6+ Nxf6 52.g4 h5 53.h3 hxg4+ 54.hxg4 Nd7 55.Be3 Kf7 56.Kg3 Nf6 57.Bd4 Nd5
58.Kf3 Nf6 59.Bxf6 Kxf6 60.g5+ Kf7 61.Ke4 c5 62.Ke5 Be8 63.Bb1 Ke7 64.Ba2 Bb5
65.Bxe6 Bd3 66.Bg8 Bc2 67.Bc4 Bb3 68.Be2 Kd7 69.Bf3 Ke7 70.Be4 Kf7 71.Bd5+ Ke7
72.Be4 Kf7 73.Bb1 Kg7  0-1

[Event "Yopal"]
[Site "Yopal"]
[Date "1997.06.22"]
[Round "3"]
[White "Miles, Anthony J"]
[Black "Conquest, Stuart"]
[Result "0-1"]
[WhiteElo "2550"]
[BlackElo "2540"]

1.d4 d5 2.Nf3 Nf6 3.c4 e6 4.Nc3 c6 5.e3 Nbd7 6.Qc2 Bd6 7.Bd3 O-O 8.O-O h6
9.Rd1 Qc7 10.b3 b6 11.Bb2 Bb7 12.Rac1 Rac8 13.Qe2 Qb8 14.e4 e5 15.exd5 exd4
16.Ne4 Rfe8 17.Qc2 Nxe4 18.Bxe4 cxd5 19.Bh7+ Kh8 20.Bf5 Rc7 21.Qd2 Ne5 22.Nxd4 Rce7
23.cxd5 Kg8 24.Nb5 Nf3+ 25.gxf3 Bxh2+ 26.Kf1 Re2 27.Qxe2 Rxe2 28.Kxe2 Qe8+
29.Kf1 Qxb5+ 30.Kg2 Bd6 31.Rc4 h5 32.Rdc1 Qxd5 33.Rc8+ Bxc8 34.Rxc8+ Bf8
35.Be4 Qd7 36.Ra8 f5 37.Bb1 Kf7 38.Be5 a5 39.Bb8 Be7 40.Ra7 Qd8 41.Bc7 Qd4
42.Bxf5 Kf6 43.Be4 Bc5 44.Bg3 g5 45.Rh7 h4 46.Rh6+ Kf7 47.Rh7+ Kg8 48.Bc7 g4  0-1

[Event "Oberwart op"]
[Site "Oberwart"]
[Date "1997.07.07"]
[Round "3"]
[White "Farago, Ivan"]
[Black "Stanka, Wolfgang"]
[Result "1-0"]
[WhiteElo "2440"]
[BlackElo "2190"]

1.d4 c6 2.c4 d5 3.Nc3 Nf6 4.e3 e6 5.Nf3 Nbd7 6.Qc2 Bb4 7.Bd3 c5 8.cxd5 exd5
9.dxc5 Nxc5 10.Bb5+ Kf8 11.Bd2 g6 12.Nd4 a6 13.Be2 Ne6 14.Nf3 h5 15.Rd1 Qe7
16.O-O b5 17.a3 Bd6 18.Na2 Bb7 19.Bb4 Rc8 20.Qd3 Bxb4 21.Nxb4 Kg7 22.Nd4 Nc5
23.Qb1 Ng4 24.h3 Nf6 25.Nf3 Rhd8 26.Nc2 Ne6 27.Ncd4 Nxd4 28.Nxd4 Ne4 29.Bxh5 Rh8
30.Bg4 Rcd8 31.Qd3 Rh4 32.Nf3 Rxg4 33.Qd4+ f6 34.hxg4 Bc8 35.Nh2 Be6 36.f3 Ng5
37.Rc1 Qd6 38.Qc5 Qg3 39.Qc7+ Qxc7 40.Rxc7+ Kh6 41.Rc6 d4 42.f4  1-0

[Event "Oberwart op"]
[Site "Oberwart"]
[Date "1997.07.07"]
[Round "3"]
[White "Burmakin, Vladimir"]
[Black "Baumegger, Siegfried"]
[Result "0-1"]
[WhiteElo "2530"]
[BlackElo "2360"]

1.d4 d5 2.c4 c6 3.Nc3 Nf6 4.e3 e6 5.Nf3 Nbd7 6.Bd3 dxc4 7.Bxc4 b5 8.Bd3 a6
9.e4 c5 10.d5 c4 11.dxe6 fxe6 12.Bc2 Qc7 13.O-O Bd6 14.Nd4 Nb6 15.a4 b4 16.a5 bxc3
17.axb6 Qxb6 18.Ba4+ Kf7 19.bxc3 e5 20.Nc6 Qc7 21.Be3 Bb7 22.Na5 Ke7 23.Nxb7 Qxb7
24.f4 Qc7 25.Qe2 Rhd8 26.Rad1 Kf8 27.g3 Kg8 28.fxe5 Bxe5 29.Bd4 Rac8 30.Bxe5 Qxe5
31.Rxd8+ Rxd8 32.Qxc4+ Kh8 33.Bc2 h6 34.Rf5 Qd6 35.e5 Qb6+ 36.Rf2 Rd2 37.Qc8+ Ng8
38.Qf5 g6  0-1

[Event "Oberwart op"]
[Site "Oberwart"]
[Date "1997.07.07"]
[Round "3"]
[White "Kummer, Helmut"]
[Black "Kobalija, Mihail"]
[Result "1/2-1/2"]
[WhiteElo "2350"]
[BlackElo "2545"]

1.d4 d5 2.c4 c6 3.Nf3 Nf6 4.Nc3 e6 5.e3 Nbd7 6.Bd3 dxc4 7.Bxc4 b5 8.Bd3 a6
9.e4 c5 10.e5 cxd4 11.Nxb5 Ng4 12.Nbxd4 Ngxe5 13.Be4 Rb8 14.O-O Nxf3+ 15.Qxf3 Ne5
16.Qf4 Bd6 17.Nc6 Qc7 18.Nxb8 Qxb8 19.Rd1 O-O 20.Be3 f5 21.Bc6 Bc7 22.Qa4 Ng4
23.g3 Nxe3 24.fxe3 Qxb2 25.Qd4 Qa3 26.Rd3 Qa5 27.Rc1 Bb6 28.Qc3 Qxa2 29.Rd2 Qa5
30.Qxa5 Bxa5 31.Rd3 Bb4 32.Bd7 Bxd7 33.Rxd7 Ra8 34.Rcc7 Bf8 35.Kf2 a5 36.Ra7 Rxa7
37.Rxa7 Bb4 38.Kf3 Kf8 39.h3 h5 40.g4 fxg4+ 41.hxg4 hxg4+ 42.Kxg4 Bc5 43.Rxa5 Bxe3
44.Re5 Bd4 45.Rxe6 Kf7 46.Kf5 Bf6 47.Rb6 g6+ 48.Ke4 Bc3 49.Rxg6 Kxg6  1/2-1/2

[Event "Oberwart op"]
[Site "Oberwart"]
[Date "1997.07.09"]
[Round "5"]
[White "Farago, Ivan"]
[Black "Allacher, Erwin"]
[Result "1-0"]
[WhiteElo "2440"]
[BlackElo "2098"]

1.d4 d5 2.c4 c6 3.Nc3 Nf6 4.e3 e6 5.Nf3 Nbd7 6.Qc2 Bd6 7.Bd3 O-O 8.O-O Re8
9.b3 Qe7 10.e4 dxe4 11.Nxe4 Nxe4 12.Bxe4 Nf8 13.Re1 f6 14.c5 Bc7 15.b4 Qf7
16.Bd2 Bd7 17.a4 Qh5 18.h3 g5 19.Bd3 Re7 20.Nh2 Qf7 21.Ng4 Qg7 22.Bc3 Rf7
23.Bc4 h5 24.Ne3 Kh8 25.Qd1 Qg6 26.Be2 Rh7 27.Bd3 Qf7 28.Bxh7 Kxh7 29.Qf3 f5
30.Nc4 g4 31.Qe3  1-0

[Event "Oberwart op"]
[Site "Oberwart"]
[Date "1997.07.10"]
[Round "6"]
[White "Deutsch, Ludwig"]
[Black "Lendwai, Reinhard"]
[Result "0-1"]
[WhiteElo "2210"]
[BlackElo "2385"]

1.c4 c6 2.Nf3 d5 3.e3 Nf6 4.Nc3 e6 5.d4 Nbd7 6.Bd2 Be7 7.Be2 O-O 8.Qc2 dxc4
9.Bxc4 c5 10.O-O a6 11.a4 Qc7 12.Be2 b6 13.Rfc1 Bb7 14.Qd1 Qb8 15.h3 Rd8
16.Bc4 Qa7 17.Qe2 Rac8 18.Bb3 Qa8 19.Ne1 cxd4 20.exd4 Nf8 21.Be3 Bb4 22.Bd1 Nd5
23.Nxd5 Bxd5 24.Nf3 Ng6 25.Qf1 Bd6 26.Be2 a5 27.Ba6 Rxc1 28.Rxc1 Bxf3 29.gxf3 Nh4
30.Be2 Qd5 31.Qd1 Qf5 32.Bf1 Nxf3+ 33.Kh1 h5 34.Qc2 Qf6 35.Qe4 Bb4 36.Rd1 Bc5
37.Bd3 Bxd4 38.Be2 Bxe3 39.Rxd8+ Qxd8 40.Qxf3 Bd4 41.b3 g6 42.Bc4 Qg5 43.Qg3 Qxg3
44.fxg3 Kg7 45.Kg2 e5 46.Bb5 f5 47.h4 e4 48.Bc6 Kf6 49.Bd7 Bc3 50.Kf2 g5
51.Be8 Bd4+ 52.Ke2 gxh4 53.gxh4 f4 54.Bxh5 f3+ 55.Ke1 Kf5 56.Be8 Bc3+ 57.Kf1 e3  0-1

[Event "Wch U20"]
[Site "Zagan"]
[Date "1997.07.14"]
[Round "1"]
[White "Guthrie, David"]
[Black "Petry, Croife"]
[Result "0-1"]
[WhiteElo "2140"]
[BlackElo "2195"]

1.d4 Nf6 2.Nf3 d5 3.c4 e6 4.Nc3 c6 5.e3 Be7 6.Bd3 O-O 7.O-O Nbd7 8.b3 b6
9.Bb2 Bb7 10.Qe2 c5 11.Rad1 cxd4 12.exd4 Re8 13.Ne5 Rc8 14.f4 Nb8 15.f5 Bf8
16.Rf4 Nc6 17.fxe6 fxe6 18.cxd5 exd5 19.Rdf1 Qe7 20.Rxf6 Nxe5 21.Rxf8+ Rxf8
22.Rxf8+ Rxf8 23.dxe5 Qc5+ 24.Kh1 Rf2 25.Qe1 Rxb2 26.Qh4 g6 27.e6 d4 28.Qd8+ Kg7
29.Nd1 Rd2 30.Bc2 Bxg2+  0-1

[Event "Wch U20"]
[Site "Zagan"]
[Date "1997.07.14"]
[Round "1"]
[White "Morrison, Graham"]
[Black "Fontaine, Robert"]
[Result "1-0"]
[WhiteElo "2325"]
[BlackElo "2395"]

1.d4 d5 2.Nf3 Nf6 3.c4 c6 4.Nc3 e6 5.e3 Nbd7 6.Qc2 Bd6 7.Be2 O-O 8.O-O dxc4
9.Bxc4 Qe7 10.a3 e5 11.h3 a6 12.b4 a5 13.b5 c5 14.Bb2 Nb6 15.Ba2 e4 16.Ne5 Be6
17.Bb1 cxd4 18.Nxe4 Nxe4 19.Qxe4 g6 20.Qxd4 Bxe5 21.Qxe5 f6 22.Qe4 Qf7 23.Bd4 Nc4
24.Ba2 Rac8 25.Rac1 Bd5 26.Bxc4 Rxc4 27.Qf4 a4 28.Rxc4 Bxc4 29.Rc1 Bxb5 30.Rc7 Qe6
31.Rxb7 Bc6 32.Rb6 Qe4 33.Qxe4 Bxe4 34.Rxf6 Rxf6 35.Bxf6 Kf7 36.f3 Bc2 37.Bd4 Ke6
38.Kf2 Bb3 39.Bc5 Bc4 40.Bb4 h5 41.e4 Bd3 42.g3 g5 43.Ba5 Bc2 44.Ke3 Bb3
45.h4 gxh4 46.gxh4 Kf6 47.f4 Bc2 48.f5 Kf7 49.Kf4 Bd1 50.e5 Bg4 51.e6+ Kf6
52.Bd8+ Kg7 53.f6+ Kf8 54.Ke5 Be2 55.Ba5  1-0

[Event "Wch U20"]
[Site "Zagan"]
[Date "1997.07.16"]
[Round "3"]
[White "Najer, Evgeniy"]
[Black "Kacheishvili, Giorgi"]
[Result "1-0"]
[WhiteElo "2515"]
[BlackElo "2550"]

1.d4 d5 2.c4 c6 3.Nc3 Nf6 4.e3 e6 5.Nf3 Nbd7 6.Qc2 Bd6 7.Bd3 O-O 8.O-O dxc4
9.Bxc4 Qe7 10.Bd2 e5 11.Bb3 Bb8 12.Rfe1 h6 13.Nh4 Rd8 14.f4 exf4 15.exf4 Qb4
16.Bxf7+ Kxf7 17.Qg6+ Kg8 18.Nf5 Qf8 19.Re7 Ne8 20.Rf7 Kh8 21.Rxf8+ Nxf8
22.Qf7 Bd6 23.Re1 Bxf5 24.Qxf5 Nf6 25.g4 Rd7 26.g5 Ng8 27.Qh3 Bc7 28.Re4 Bb6
29.Be3 Rad8 30.Ne2 Nh7 31.Kg2 Rd6 32.Qg4 Rg6 33.Qf5 Nf8 34.Ng3 Rgd6 35.h4 Rd5
36.Qf7 R5d7 37.Qh5 Bxd4 38.Bxd4 Rxd4 39.Rxd4 Rxd4 40.Qf7  1-0

[Event "Wch U20 Girls"]
[Site "Zagan"]
[Date "1997.07.16"]
[Round "3"]
[White "Radziewicz, Iweta"]
[Black "Subbaraman, Vijayalakshmi"]
[Result "1-0"]
[WhiteElo "2220"]
[BlackElo "2250"]

1.d4 d5 2.c4 c6 3.Nf3 Nf6 4.Nc3 e6 5.e3 Nbd7 6.Be2 Bd6 7.O-O O-O 8.b3 Qe7
9.Bb2 Rd8 10.Qc2 b6 11.a4 Bb7 12.a5 e5 13.a6 Bc8 14.cxd5 cxd5 15.Nb5 e4 16.Qc6 exf3
17.Bxf3 Bxa6 18.Rxa6 Nb8 19.Qxa8 Nxa6 20.Qxa7 Qxa7 21.Nxa7 Nc7 22.Rc1 Ra8
23.Ba3 Bxh2+ 24.Kxh2 Rxa7 25.Bd6 Nce8 26.Rc8 Rd7 27.Be5 Kf8 28.Bxf6 gxf6
29.Rc6 b5 30.Rc5 Nc7 31.b4 Ke8 32.Be2 Kd8 33.Bxb5 Rd6 34.Bd3 h6 35.b5 Rb6
36.Kg3 Kd7 37.Kg4 Kd6 38.Kf5 Ne6 39.Rc6+ Rxc6 40.bxc6 Ke7 41.Kg4 Kd6 42.Bf5 Ng7
43.Bd7 Kc7 44.f3 f5+ 45.Kf4 Kd6 46.Bc8 f6 47.Bb7 Kc7 48.Ba8 Kb8 49.c7+ Kxc7
50.Bxd5 Kd6 51.Bf7 Ke7 52.Bg6 Ke6 53.Bxf5+ Kd6 54.Bg6 Ke6 55.e4 Kd6 56.d5 Kd7
57.e5 Ke7 58.g4 fxe5+ 59.Kxe5 Ne8 60.Bxe8  1-0

[Event "Wch U20"]
[Site "Zagan"]
[Date "1997.07.17"]
[Round "4"]
[White "Ivanisevic, Ivan"]
[Black "Fontaine, Robert"]
[Result "1-0"]
[WhiteElo "2540"]
[BlackElo "2395"]

1.d4 d5 2.c4 c6 3.Nf3 Nf6 4.Nc3 e6 5.e3 Nbd7 6.Qc2 Bd6 7.Bd3 O-O 8.O-O h6
9.Bd2 Qe7 10.Rae1 dxc4 11.Bxc4 b5 12.Bb3 a5 13.a3 b4 14.axb4 axb4 15.Ne2 c5
16.e4 e5 17.Ng3 Nb6 18.dxe5 Bxe5 19.Nf5 Qc7 20.Nxe5 Qxe5 21.f4 Qc7 22.Ne3 Bb7
23.e5 Nfd5 24.Bxd5 Nxd5 25.Nxd5 Bxd5 26.f5 Qc6 27.f6 Bxg2 28.fxg7 Rfe8 29.Rf6 Re6
30.Rxe6 fxe6 31.Bxh6 Bh3 32.Qf2 Bf5 33.Rd1 Qe8 34.Qh4 Bh7 35.Kf2 c4 36.Ke3 Qc8
37.Qe7 c3 38.Rd8+  1-0

[Event "Wch U20"]
[Site "Zagan"]
[Date "1997.07.17"]
[Round "4"]
[White "Malakhatko, Vadim"]
[Black "Li Shilong"]
[Result "0-1"]
[WhiteElo "2445"]
[BlackElo "2335"]

1.Nf3 d5 2.d4 c6 3.c4 Nf6 4.Nc3 e6 5.e3 Nbd7 6.Qc2 Bd6 7.Bd3 O-O 8.O-O h6
9.h3 Qe7 10.e4 dxe4 11.Nxe4 Nxe4 12.Bxe4 Nf6 13.Bd3 c5 14.Re1 Rd8 15.Bd2 cxd4
16.Nxd4 Bb4 17.Bc3 Bxc3 18.Qxc3 Qc5 19.Nb3 Qc7 20.Re3 b6 21.Rae1 Bb7 22.Nd4 Rac8
23.Nb5 Qb8 24.Rg3 a6 25.Nd4 Qf4 26.Ne2 Qh4 27.Qe5 Nh5 28.Rg4 Qf6 29.Qxh5 Rxd3
30.Rf4 Qe7 31.Ng3 Rc5 32.Qe2 Qd7 33.Rg4 h5 34.Rh4 g6 35.b4 Rg5 36.Ne4 Bxe4
37.Qxe4 Rd1 38.Qe2 Rxe1+ 39.Qxe1 Qd3 40.Kh1 Kh7 41.Rf4 Kg8 42.h4 Rf5 43.Rxf5 Qxf5
44.Qd2 Qb1+ 45.Kh2 Qe4 46.Qd8+ Kg7 47.Qxb6 Qxh4+ 48.Kg1 Qxc4 49.a4 h4 50.b5 Qc1+
51.Kh2 Qf4+ 52.Kg1 axb5 53.Qxb5 g5 54.a5 Qc1+ 55.Kh2 Qf4+ 56.Kg1 g4 57.a6 Qc1+
58.Kh2 Qf4+ 59.Kg1 Qc1+ 60.Kh2 Qf4+ 61.Kg1 g3 62.Qb2+ f6 63.Kf1 Qc4+ 64.Qe2 Qc1+
65.Qe1 Qxe1+ 66.Kxe1 h3  0-1

[Event "Wch U20"]
[Site "Zagan"]
[Date "1997.07.17"]
[Round "4"]
[White "Ho, Andrew"]
[Black "De Wachter, Matthias"]
[Result "1/2-1/2"]
[WhiteElo "2340"]
[BlackElo "2175"]

1.d4 d5 2.c4 c6 3.Nc3 Nf6 4.Nf3 e6 5.e3 Nbd7 6.Qc2 Bd6 7.b3 O-O 8.Bd3 Re8
9.O-O e5 10.cxd5 cxd5 11.dxe5 Nxe5 12.Be2 Bg4 13.Nd4 Rc8 14.f3 Bd7 15.Qd2 Neg4
16.fxg4 Bb4 17.Qd1 Bxc3 18.Rb1 Qa5 19.a3 Ne4 20.Bf3 Bb5 21.b4 Qa6 22.Nxb5 Qxb5
23.Be2 Qc6 24.Qd3 Bf6 25.Bb2 Bxb2 26.Rxb2 Qc3 27.Rb3 Qe5 28.Bf3 Nc3 29.Re1 Red8
30.Qd4 Re8 31.Qd3 Red8 32.Qd2 Ne4 33.Qd4 Qxd4 34.exd4 Nd2 35.Rd3 Nxf3+ 36.Rxf3 Kf8
37.Rh3 h6 38.g5 Rd6 39.gxh6 Rxh6 40.Rhe3 Rh4 41.Re7 Rb8 42.Rc7 Rxd4 43.Ree7 Rf4
44.g3 Rf6 45.Red7 Kg8 46.Rxd5 Re8 47.Rd2 Re3 48.a4 Ra3 49.a5 b6 50.Rxa7 bxa5
51.Rxa5 Rb3 52.Rb5 g6 53.Kg2 Kg7 54.Kh3 Rf5 55.Rb7 Rb1 56.Kg4 Rb3 57.Rd4 Rb2
58.h4 Kh6 59.Rf4 Rxf4+ 60.Kxf4 Kh5 61.Rb5+ Kh6 62.Kg4 Rb1 63.Rb6 f5+ 64.Kf3 Kh5
65.Rb8 Rf1+ 66.Kg2 Rb1 67.Rb6 Rb3 68.b5 Kh6 69.Rb8 Kh7 70.Rb7+ Kh6 71.b6 Kh5
72.Kh3 Kh6 73.Rb8 f4 74.b7 Kg7 75.Kh2 fxg3+ 76.Kh3 Kh7 77.Kg2 Kg7 78.Kh3 Kh7  1/2-1/2

[Event "Komercni Banka op"]
[Site "Pardubice"]
[Date "1997.07.18"]
[Round "2"]
[White "Potapov, Alexander"]
[Black "Payen, Arnaud"]
[Result "1/2-1/2"]
[WhiteElo "2490"]
[BlackElo "2365"]

1.d4 d5 2.c4 c6 3.Nf3 Nf6 4.e3 e6 5.Nc3 Nbd7 6.Bd3 Bd6 7.e4 dxe4 8.Nxe4 Nxe4
9.Bxe4 O-O 10.O-O h6 11.Bc2 e5 12.b3 Re8 13.Re1 exd4 14.Rxe8+ Qxe8 15.Qxd4 Bc5
16.Qd3 Nf6 17.Bb2 Qd7 18.Nd4 Qd6 19.h3 Ba3 20.Bc3 Bb4 21.Rd1 Bxc3 22.Qxc3 Qc7
23.Bf5 Bd7 24.Qd2 Re8 25.g4 a6 26.c5 Re5 27.b4 Rd5 28.Bc2 h5 29.g5 Nh7 30.h4 Bg4
31.Bb3 Bxd1 32.Bxd5 cxd5 33.Qxd1 Qf4 34.Nf3 d4 35.Qd3 Nf8 36.a4 Ne6 37.g6 Qg4+
38.Kf1 fxg6 39.Qb3 Kh8 40.Qd5 d3 41.Qxd3 Qxb4 42.Ne5 Qxc5 43.Nxg6+ Kg8 44.Qb3 Kf7
45.Nh8+ Kg8 46.Qxe6+ Kxh8 47.Qe8+ Kh7 48.Qe4+ Kh6 49.Qe6+ g6 50.Qg8 Qe7 51.a5 Qf6
52.Qc8 Qg7 53.Qc5 Kh7 54.Qd5 Qc7 55.Ke2 Kg7 56.Qd4+ Kf7 57.Qd5+ Ke7 58.Qg5+ Kd7
59.Qxg6 Qxa5 60.Qf7+ Kc8 61.Qe8+ Kc7 62.Qe7+ Kb8 63.Qe8+ Ka7 64.f4 Qa2+ 65.Ke3 Qb3+
66.Kf2 Qc2+ 67.Kf3 Qd1+ 68.Kf2 Qd2+ 69.Kf3 Qd1+ 70.Kf2 Qd2+  1/2-1/2

[Event "Komercni Banka op"]
[Site "Pardubice"]
[Date "1997.07.19"]
[Round "3"]
[White "Ftacnik, Lubomir"]
[Black "Lingnau, Carsten"]
[Result "1-0"]
[WhiteElo "2585"]
[BlackElo "2425"]

1.d4 d5 2.c4 c6 3.Nc3 Nf6 4.e3 e6 5.Nf3 Nbd7 6.Qc2 Bd6 7.Be2 O-O 8.O-O dxc4
9.Bxc4 Qe7 10.Rd1 e5 11.h3 e4 12.Ng5 Nb6 13.Bb3 Bf5 14.f3 Rae8 15.Ngxe4 Nxe4
16.fxe4 Bxe4 17.Nxe4 Qxe4 18.Qxe4 Rxe4 19.Bc2 Re7 20.e4 f6 21.Be3 Rfe8 22.Bf2 Rd7
23.a4 a5 24.Be1 Kh8 25.b3 Ra8 26.Kf2 c5 27.Kf3 cxd4 28.Rxd4 Bb4 29.Rxd7 Nxd7
30.Bxb4 axb4 31.Rd1 Ne5+ 32.Ke3 Rc8 33.Rd4 h5 34.Bd1 h4 35.Rxb4 Rc3+ 36.Ke2 Rc7
37.Rb5 Kh7 38.b4 Kg6 39.Rc5 Rd7 40.Bc2 Kg5 41.Ke3 b6 42.Rc3 Rd6 43.a5 bxa5
44.bxa5 f5 45.Rc5 f4+ 46.Kf2 Kf6 47.Ke2 g5 48.Rd5 Rc6 49.Bd3 Rc3 50.a6 Ra3
51.Bb5 Ra2+ 52.Rd2 Ra5 53.Rd6+ Ke7 54.Rd5 Kf6 55.Kd2 g4 56.hxg4 f3 57.g5+ Kg7
58.gxf3 h3 59.Rxe5 h2 60.Re7+ Kh8 61.Re8+ Kg7 62.Bc4 Rxa6 63.Re7+ Kg6 64.Bf7+ Kg7
65.Be6+ Kg6 66.f4 Ra2+ 67.Kc3 Ra3+ 68.Kb4  1-0

[Event "Komercni Banka op"]
[Site "Pardubice"]
[Date "1997.07.19"]
[Round "3"]
[White "Lechtynsky, Jiri"]
[Black "Sakaev, Konstantin"]
[Result "0-1"]
[WhiteElo "2425"]
[BlackElo "2590"]

1.Nf3 d5 2.d4 Nf6 3.c4 e6 4.Nc3 c6 5.e3 Nbd7 6.Qc2 Bd6 7.Bd2 O-O 8.h3 c5
9.cxd5 exd5 10.dxc5 Nxc5 11.Nb5 Be7 12.Be2 Nfe4 13.O-O Bf5 14.Nbd4 Bg6 15.Ne5 Rc8
16.Nxg6 hxg6 17.Qd1 Qb6 18.Be1 Bf6 19.Rb1 Rfd8 20.f3 Ng5 21.Bf2 Nge6 22.Nc2 Qc7
23.Nd4 Nxd4 24.exd4 Ne6 25.Qd2 Qb6 26.Rfd1 Bg5 27.Qe1 Nf4 28.Qf1 Rc2 29.Bd3 Rxb2
30.g3 Nxd3 31.Qxd3 Rc8 32.f4 Bf6 33.Rxb2 Qxb2 34.Rd2 Qc3 35.Qxc3 Rxc3 36.Rb2 b6
37.Rb5 Ra3 38.Rxd5 Rxa2 39.Rd7 Kf8 40.d5 Ke8 41.Rb7 Be7 42.Kf1 Ra5 43.Ke2 Rxd5
44.Rxa7 Rb5 45.Rb7 Rb2+ 46.Kf3 b5 47.Bd4 Rb3+ 48.Kg2 f6 49.Kf2 b4 50.Be3 Rb2+
51.Kf3 Rc2 52.Bd4 Kf7 53.Rb6 Ra2 54.Be3 Ra3 55.Rb7 Ke6 56.Kf2 Ra2+ 57.Kf3 Rc2
58.g4 Bf8 59.Ke4 Rc4+ 60.Kd3 Rc3+ 61.Kd2 Kd5 62.Rf7 Ke4 63.Rxf8 Rd3+ 64.Kc2 Rxe3
65.Rf7 Kxf4 66.Rxg7 g5 67.Rh7 Kg3 68.Kb2 Rf3  0-1

[Event "Wch U20"]
[Site "Zagan"]
[Date "1997.07.19"]
[Round "6"]
[White "Avrukh, Boris"]
[Black "Dao Thien Hai"]
[Result "1/2-1/2"]
[WhiteElo "2550"]
[BlackElo "2525"]

1.d4 d5 2.c4 c6 3.Nc3 Nf6 4.e3 e6 5.Nf3 Nbd7 6.Qc2 Bd6 7.Bd2 O-O 8.O-O-O Qe7
9.e4 Nxe4 10.Nxe4 dxe4 11.Qxe4 c5 12.Bc3 f5 13.Qe3 b6 14.Re1 cxd4 15.Bxd4 Nc5
16.Ne5 Bb7 17.f3 Qc7 18.Kb1 Rad8 19.Qc3 a5 20.a3 a4 21.Nd3 Rfe8 22.Be3 e5
23.Bg5 Rc8 24.Nb4 e4 25.Nd5 Bxd5 26.cxd5 Be5 27.Qc4 b5 28.d6+ bxc4 29.dxc7 Nd3
30.fxe4 Nxe1 31.Bxc4+ Kf8 32.Bb5 Nxg2 33.Bxe8 Rxe8 34.Bd8 Bxc7 35.Bxc7 Rxe4
36.b4 axb3 37.Kb2 Ne3 38.Kxb3 f4 39.a4 g5 40.a5 Re6 41.Ra1 h6 42.a6 Nd5 43.Ba5 Rxa6
44.Bc3 Nxc3 45.Rxa6 Ne4 46.Kc2 Kg7 47.Kd1  1/2-1/2

[Event "Komercni Banka op"]
[Site "Pardubice"]
[Date "1997.07.21"]
[Round "5"]
[White "Kulikov, Alexander O"]
[Black "Lingnau, Carsten"]
[Result "1/2-1/2"]
[WhiteElo "2335"]
[BlackElo "2425"]

1.d4 d5 2.c4 c6 3.Nf3 Nf6 4.Nc3 e6 5.e3 Nbd7 6.Qc2 Bd6 7.g4 Bb4 8.Bd2 Qe7
9.h3 b6 10.cxd5 exd5 11.Bd3 Bb7 12.a3 Bxc3 13.Bxc3 O-O 14.Ne5 Nxe5 15.dxe5 Ne4
16.Bxe4 dxe4 17.O-O-O Rfd8 18.Rd6 Rxd6 19.exd6 Qxd6 20.Qxe4 Rd8 21.g5 Qd5
22.Qxd5 Rxd5 23.h4 c5 24.Rd1 h6 25.Rxd5 Bxd5 26.Be5 hxg5 27.hxg5 a6 28.Bc7 b5
29.Bb6 c4 30.Kd2 f6 31.gxf6 gxf6 32.Kc3 Kf7 33.Kb4 Ke6 34.Kc5 f5 35.Bd8 Bb7
36.Kb6 Bc8 37.Kc7 Bd7 38.Kb7 Be8 39.Kxa6 Bd7 40.Kb6 Be8 41.Kc5 Bd7 42.Kd4 Bc6
43.Ba5 Be8 44.Bc3 Bc6 45.f3 Bd7 46.e4 Bc6 47.exf5+ Kxf5 48.Bd2 Be8 49.Kd5 Bd7  1/2-1/2

[Event "RUS-Cup10"]
[Site "Tomsk"]
[Date "1997.07.21"]
[Round "1"]
[White "Averchenko, Sergej"]
[Black "Galkin, Alexander"]
[Result "0-1"]
[WhiteElo "2305"]
[BlackElo "2540"]

1.d4 d5 2.c4 c6 3.Nf3 Nf6 4.Nc3 e6 5.e3 Nbd7 6.Bd3 dxc4 7.Bxc4 b5 8.Bd3 Bb7
9.O-O a6 10.e4 c5 11.d5 c4 12.dxe6 fxe6 13.Bc2 Qc7 14.Qe2 Bd6 15.h3 O-O 16.Be3 Rae8
17.Rad1 Bb4 18.Bd2 Bc5 19.Be3 Bb4 20.Bd2 Bc5 21.Be3 Re7 22.a3 Nh5 23.Bxc5 Nxc5
24.Qe3 Nf4 25.Ne2 e5 26.Ng3 g6 27.Qc3 Nxe4 28.Qe3 Nc5 29.Ne4 Ncd3 30.b3 Bxe4
31.Qxe4 Qb7 32.Bxd3 Nxd3 33.Qh4 e4 34.Nd4 cxb3 35.Nxb3 Ref7 36.Rd2 Qc7 37.Re2 Qc3
38.Nd2  0-1

[Event "Komercni Banka op"]
[Site "Pardubice"]
[Date "1997.07.23"]
[Round "7"]
[White "Nikolov, Sasho"]
[Black "Khenkin, Igor"]
[Result "0-1"]
[WhiteElo "2390"]
[BlackElo "2550"]

1.d4 d5 2.c4 c6 3.Nf3 Nf6 4.Nc3 e6 5.e3 Nbd7 6.Bd3 Bd6 7.O-O O-O 8.e4 dxc4
9.Bxc4 e5 10.Bg5 Qe7 11.Re1 Re8 12.d5 h6 13.Bh4 Nf8 14.dxc6 bxc6 15.Qc2 Ng6
16.Bg3 Nh5 17.Nd2 a5 18.Nf1 Bc5 19.Na4 Bd4 20.Ne3 Ngf4 21.Rad1 Qg5 22.Bf1 Nxg3
23.hxg3 Nh5 24.Rd3 Rb8 25.b3 Nf6 26.Rdd1 Rf8 27.Bc4 h5 28.Kf1 h4 29.gxh4 Qxh4
30.f3 Nh5 31.Nb2 Nf4 32.Kg1 Qg5 33.Kh2 Qh4+ 34.Kg1 Qg5 35.Kh2 Bxe3 36.Rxe3 Nxg2
37.Qxg2 Qxe3 38.Rd6 Be6 39.Rxe6 fxe6 40.Bxe6+ Kh8 41.Qh3+ Qh6 42.Kg3 Qxh3+
43.Bxh3 Rfd8 44.Nc4 Rb5 45.Be6 g6  0-1

[Event "Komercni Banka op"]
[Site "Pardubice"]
[Date "1997.07.23"]
[Round "7"]
[White "Akesson, Ralf"]
[Black "Beikert, Guenther"]
[Result "1/2-1/2"]
[WhiteElo "2520"]
[BlackElo "2475"]

1.Nf3 d5 2.d4 c6 3.c4 Nf6 4.Nc3 e6 5.e3 Nbd7 6.Bd3 a6 7.e4 dxc4 8.Bxc4 c5
9.e5 Ng4 10.h3 cxd4 11.hxg4 dxc3 12.bxc3 Qc7 13.Qd4 b6 14.Bf4 Bb7 15.Be2 Rc8
16.c4 Bb4+ 17.Kf1 Nf8 18.Bg3 Ng6 19.Ng5 Rd8 20.Qb2 Bc5 21.Re1 h6 22.Nf3 Qc6
23.Qc2 O-O 24.Bd3 Qd7 25.Bxg6 fxg6 26.g5 Qd3+ 27.Qxd3 Rxd3 28.gxh6 Bxf3 29.gxf3 Rdxf3
30.h7+ Kh8 31.Kg2 Bxf2 32.Bxf2 Rxf2+ 33.Kg3 R2f5 34.Rh4 Rf3+ 35.Kg2 Rf2+
36.Kg1 Rxa2 37.Rd4 b5 38.cxb5 axb5 39.Rd6 Rff2 40.Rxe6 Rg2+ 41.Kh1 Rge2 42.Rxe2 Rxe2
43.Re8+ Kxh7  1/2-1/2

[Event "Wch U20 Girls"]
[Site "Zagan"]
[Date "1997.07.23"]
[Round "9"]
[White "Radziewicz, Iweta"]
[Black "Pitam, Ela"]
[Result "1-0"]
[WhiteElo "2220"]
[BlackElo "2365"]

1.d4 d5 2.c4 e6 3.Nf3 Nf6 4.Nc3 c6 5.e3 Nbd7 6.Be2 Be7 7.O-O O-O 8.Qc2 b6
9.b3 Bb7 10.Bb2 Rc8 11.Rac1 dxc4 12.bxc4 c5 13.Rfd1 cxd4 14.exd4 Bxf3 15.Bxf3 Rxc4
16.Qe2 Rc7 17.Nb5 Rxc1 18.Rxc1 a6 19.Na7 Nb8 20.Nc8 Bd6 21.Bb7 Nd5 22.g3 Qd7
23.Nxd6 Qxd6 24.Bxa6 Nxa6 25.Qxa6 Qb8 26.a4 h6 27.Ba3 Qa8 28.Qb5 Rc8 29.Rxc8+ Qxc8
30.a5 bxa5 31.Qxa5 Qc2 32.Qe1 Qd3 33.Bc5 Qf3 34.Bb4 Qg4 35.Bc5 Nf4 36.f3 Qg5
37.Qe5 Nd5 38.Qxg5 hxg5 39.Kf2 Kh7 40.Ke2 Kg6 41.Bf8 f5 42.Bd6 Kf7 43.Kd3 Ke8
44.Ba3 Nf6 45.Bc1 g4 46.Ke2 Kd7 47.Bf4 Kc6 48.Be5 gxf3+ 49.Kxf3 Ng4 50.h4 Nxe5+
51.dxe5 Kd7 52.Kf4 Ke8 53.Kg5 Kf7 54.Kh5 Kg8 55.Kg6 Kf8 56.h5 Kg8 57.h6 gxh6
58.Kxh6 Kf7 59.Kh7 Kf8 60.Kg6 Ke7 61.Kg7  1-0

[Event "Wch U20"]
[Site "Zagan"]
[Date "1997.07.24"]
[Round "10"]
[White "Schneider, Stefan"]
[Black "De Wachter, Matthias"]
[Result "1-0"]
[WhiteElo "2305"]
[BlackElo "2175"]

1.d4 d5 2.c4 c6 3.Nc3 Nf6 4.e3 e6 5.Nf3 Nbd7 6.Qc2 Bd6 7.Be2 O-O 8.O-O dxc4
9.Bxc4 b5 10.Be2 Bb7 11.Rd1 Qb8 12.h3 a6 13.a4 b4 14.Ne4 Nxe4 15.Qxe4 c5
16.Qh4 Qd8 17.dxc5 Bxf3 18.Qxd8 Raxd8 19.gxf3 Nxc5 20.Kf1 Nb3 21.Rb1 Be5
22.Ke1 a5 23.f4 Bf6 24.e4 Rxd1+ 25.Bxd1 Nxc1 26.Rxc1 Bxb2 27.Rc5 g6 28.Bb3 Rd8
29.Ke2 Kg7 30.Rxa5 Rc8 31.Rb5 Ba3 32.Rb7 Kf6 33.e5+ Kf5 34.Rxf7+ Ke4 35.f3+ Kd4
36.Rd7+ Kc3 37.Bxe6 Ra8 38.Rd3+ Kb2 39.Bb3 Rf8 40.e6 Re8 41.a5 Kb1 42.a6  1-0

[Event "Credit Suisse"]
[Site "Biel"]
[Date "1997.07.25"]
[Round "4"]
[White "Karpov, Anatoly"]
[Black "Anand, Viswanathan"]
[Result "1/2-1/2"]
[WhiteElo "2745"]
[BlackElo "2765"]

1.d4 d5 2.c4 c6 3.Nc3 Nf6 4.e3 e6 5.Nf3 Nbd7 6.Qc2 Bd6 7.Bd3 O-O 8.O-O dxc4
9.Bxc4 a6 10.Bd2 c5 11.dxc5 Nxc5 12.Be2 b5 13.b4 Ncd7 14.Ne4 Be7 15.Nxf6+ Bxf6
16.Bc3 Bb7 17.Bxf6 Nxf6 18.Qb2 Qe7 19.Rfc1 Nd5 20.a3 Rfc8 21.Ne5 Nb6 22.Rxc8+ Rxc8
23.Rc1 Rxc1+ 24.Qxc1 Qd6 25.Nd3 Nd7 26.f3 Kf8 27.Qc3 f6 28.Qc2 Qc6 29.Qxc6 Bxc6
30.e4 Ke7 31.Kf2 e5 32.Bd1 Kd6 33.Bb3 Nf8 34.Ke3 g5 35.g3 Bb7 36.Nc5 Bc8
37.Kd2 a5 38.Kc3 a4 39.Bg8 h6 40.Bf7 Be6 41.Bh5 Bd7  1/2-1/2